书目信息 |
| 题名: |
工程数学:复变函数
|
|
| 作者: | 西安交通大学高等数学教研室 编 | |
| 分册: | ||
| 出版信息: | 北京 高等教育出版社 1996 |
|
| 页数: | 270页 | |
| 开本: | 20cm | |
| 丛书名: | ||
| 单 册: | ||
| 中图分类: | O29:TB11 | |
| 科图分类: | ||
| 主题词: | 应用数学 , 数学--应用 | |
| 电子资源: | ||
| ISBN: | 7-04-005553-8 | |
| 000 | 00696nam0 2200205 450 | |
| 001 | 0732828906 | |
| 005 | 20070903090708.90 | |
| 010 | @a7-04-005553-8@d¥8.80 | |
| 100 | @a20070903d km y0chiy0120 ea | |
| 101 | 0 | @achi |
| 200 | 1 | @a工程数学:复变函数@Agong cheng shu xue:fu bian han shu@f西安交通大学高等数学教研室编@Fxi an jiao tong da xue gao deng shu xue jiao yan shi bian |
| 205 | @a4版 | |
| 210 | @a北京@c高等教育出版社@d1996 | |
| 215 | @a270页@d20cm | |
| 606 | 0 | @a应用数学 |
| 606 | 0 | @a数学@x应用 |
| 690 | @aO29:TB11@v3 | |
| 701 | 0 | @a西安交通大学高等数学教研室@Axi an jiao tong da xue gao deng shu xue jiao yan shi@4编 |
| 801 | 0 | @aCN@bPFT@c20070903 |
| 905 | @a213230@dO29:TB11@eS52@f1 | |
| 工程数学:复变函数/西安交通大学高等数学教研室编.-4版.-北京:高等教育出版社,1996 |
| 270页;20cm |
| ISBN 7-04-005553-8:¥8.80 |
| ● |
| 相关链接 |
|
|
|
|
正题名:工程数学:复变函数
索取号:O29:TB11/S52
 
预约/预借
| 序号 | 登录号 | 条形码 | 馆藏地/架位号 | 状态 | 备注 |
| 1 | 6703241 | 267032418 | 密集书库-数信学院/ [索取号:O29:TB11/S52] | 在馆 |